Hulchul (Record no. 18964)

MARC details
000 -LEADER
fixed length control field 02936ngm a2200445 4500
003 - CONTROL NUMBER IDENTIFIER
control field dpl
005 - DATE AND TIME OF LATEST TRANSACTION
control field 2008112103043.0
007 - PHYSICAL DESCRIPTION FIXED FIELD--GENERAL INFORMATION
fixed length control field DVD
008 - FIXED-LENGTH DATA ELEMENTS--GENERAL INFORMATION
fixed length control field ||||||sp199 xxu|||||c ||| 00| 0 ng d
010 ## - LIBRARY OF CONGRESS CONTROL NUMBER
LC control number DVD-001303-1305 & DVD-004695-4700
024 ## - OTHER STANDARD IDENTIFIER
Standard number or code SHE DVD 400
Terms of availability 99.00
035 ## - SYSTEM CONTROL NUMBER
System control number DVD-004695-4700
040 ## - CATALOGING SOURCE
Original cataloging agency DPL
Transcribing agency DPL
082 ## - DEWEY DECIMAL CLASSIFICATION NUMBER
Classification number DVD / HULC
245 ## - TITLE STATEMENT
Title Hulchul
Statement of responsibility, etc Venus Records and Tales Pvt. Ltd. Presents
Medium [videorecording] DVD/
260 ## - PUBLICATION, DISTRIBUTION, ETC. (IMPRINT)
Name of publisher, distributor, etc Shemaroo Video Pvt. Ltd.
300 ## - PHYSICAL DESCRIPTION
Extent 1 videodisc DVD; (167 min.) :
Other physical details sd., col. ;
Dimensions 4 3/4 in.
Type of unit DVD
440 ## - SERIES STATEMENT/ADDED ENTRY--TITLE
Title Shemaroo Home Entertainment
500 ## - GENERAL NOTE
General note From the Makers of Hera Pheri & Hungama
500 ## - GENERAL NOTE
General note Special Features : Making of the Film, Deleted Scenes<br/>
538 ## - SYSTEM DETAILS NOTE
System details note Dolby Digital 5.1 - Hindi Subtitles: English, Tamil, Telugu and Bengali
538 ## - SYSTEM DETAILS NOTE
System details note Anamorphic Wide Screen Format, Presented 2:35.1 Aspect Ratio Enhancaead for 16:9 Wide Screen
650 ## - SUBJECT ADDED ENTRY--TOPICAL TERM
Topical term or geographic name as entry element Motion Picture
700 ## - ADDED ENTRY--PERSONAL NAME
Personal name Priyadarshan
700 ## - ADDED ENTRY--PERSONAL NAME
Personal name Khanna, Akshaye
700 ## - ADDED ENTRY--PERSONAL NAME
Personal name Kapoor, Kareena
700 ## - ADDED ENTRY--PERSONAL NAME
Personal name Rawal, Paresh
700 ## - ADDED ENTRY--PERSONAL NAME
Personal name Warsi, Arshad
942 ## - ADDED ENTRY ELEMENTS (KOHA)
Koha item type CD-ROMs, DVDs, VHS
Source of classification or shelving scheme Dewey Decimal Classification
Classification part DVD
Call number suffix HULC
Holdings
Withdrawn status Lost status Source of classification or shelving scheme Damaged status Not for loan Home library Current library Date acquired Source of acquisition Cost, normal purchase price Total Checkouts Full call number Barcode Date last seen Date checked out Copy number Cost, replacement price Price effective from Koha item type Total Renewals
    Dewey Decimal Classification     Central Library Central Library 21/11/2008 Purchase 169.00 19 DVD HULC DVD-001303 12/11/2012 29/10/2012 1 169.00 21/11/2008 CD-ROMs, DVDs, VHS  
    Dewey Decimal Classification     Janak Puri Janak Puri 17/11/2009 Pioneers/885/29-10-09/325/13-10-09 /06-11-09 169.00 7 DVD HULC DVD-004695 02/03/2013 23/02/2013 1 169.00 17/11/2009 CD-ROMs, DVDs, VHS  
    Dewey Decimal Classification     Karol Bagh Karol Bagh 17/11/2009 Pioneers/885/29-10-09/325/13-10-09 /06-11-09 169.00 7 DVD HULC DVD-004698 02/05/2013 18/04/2013 1 169.00 17/11/2009 CD-ROMs, DVDs, VHS 1
    Dewey Decimal Classification     Narela Narela 17/11/2009 Pioneers/885/29-10-09/325/13-10-09 /06-11-09 169.00 4 DVD HULC DVD-004699 14/02/2012 08/02/2012 1 169.00 17/11/2009 CD-ROMs, DVDs, VHS  
    Dewey Decimal Classification     Patel Nagar Patel Nagar 21/11/2008 Purchase 169.00 22 DVD HULC DVD-001305 11/03/2014 05/03/2014 1 169.00 21/11/2008 CD-ROMs, DVDs, VHS 1
    Dewey Decimal Classification     R.K.Puram-8 R.K.Puram-8 17/11/2009 Pioneers/885/29-10-09/325/13-10-09 /06-11-09 169.00 2 DVD HULC DVD-004696 18/08/2012 11/08/2012 1 169.00 17/11/2009 CD-ROMs, DVDs, VHS  
    Dewey Decimal Classification     Sarojini Nagar Sarojini Nagar 21/11/2008 Purchase 169.00 21 DVD HULC DVD-001304 30/06/2014 17/06/2014 1 169.00 21/11/2008 CD-ROMs, DVDs, VHS  
    Dewey Decimal Classification     Shahdara Branch Shahdara Branch 17/11/2009 Pioneers/885/29-10-09/325/13-10-09 /06-11-09 169.00   DVD HULC DVD-004700 17/11/2009   1 169.00 17/11/2009 CD-ROMs, DVDs, VHS  
    Dewey Decimal Classification     Vinoba Puri Vinoba Puri 17/11/2009 Pioneers/885/29-10-09/325/13-10-09 /06-11-09 169.00 5 DVD HULC DVD-004697 08/10/2012 25/09/2012 1 169.00 17/11/2009 CD-ROMs, DVDs, VHS  

© Delhi Public Library
Hit Counter
free hit counter